takedown- huntrix, kpop demon hunters lyrics - Statistics

General Stats
  • This quiz has been taken 149 times
  • The average score is 343 of 484
Answer Stats
Answer % Correct
take
99%
(take
99%
I
98%
do
96%
a
95%
A
95%
it
94%
it,
94%
you
94%
Takedown,
93%
takedown
93%
takedown,
93%
takedown)
93%
down,
92%
down
92%
down)
92%
(it’s
92%
it’s
92%
It’s
92%
so
90%
the
90%
and
88%
to
88%
your
88%
in
85%
don’t
83%
I’m
83%
up
83%
eyes,
82%
eyes
82%
hide,
82%
hide
82%
inside
82%
on
82%
can
81%
ma
81%
out,
81%
out
81%
try
81%
baby,
80%
but
80%
demon
80%
easy
80%
for
80%
(HUNTR/X
80%
ni
80%
nice
80%
ready
80%
sweet,
80%
then
80%
with
80%
deserve
79%
live,
79%
live
79%
no
79%
hideous
78%
obvious
78%
when
78%
you’re
78%
feelings,
77%
of
77%
think
77%
ugly
77%
can’t
76%
’cause
76%
face
76%
my
76%
world)
76%
world
76%
see
75%
all
74%
patterns
74%
sin
74%
as
73%
real
73%
show
73%
gear
72%
lies,
71%
start
71%
time
71%
yeah,
71%
yeah)
71%
(yeah
71%
yeah
71%
break
70%
veins
70%
gonna
69%
open,
69%
“What?”
69%
be
68%
wanna
68%
finally
67%
girls
67%
grow
67%
place
67%
put
67%
switch
67%
hatred
66%
night
66%
vibes,
66%
Like
65%
like,
65%
makes
65%
I’ma
64%
into
64%
rotten
64%
these
64%
within
64%
oh,
63%
same
63%
stop
63%
back
62%
spreading
62%
ain’t
61%
’bout
61%
cryin’,
61%
pain,
61%
beggin’
60%
pieces
60%
how?
59%
how
59%
kick
59%
life
59%
die
58%
opened
57%
straight
57%
master
56%
whole
56%
illusion
55%
you’ll
55%
outta
53%
sleep
53%
yourself?
53%
dyin’,
51%
dyin’
51%
or
49%
that
49%
da
48%
da,
48%
never
48%
foolin’
47%
shell
47%
shot
47%
miss
46%
broken
45%
at
44%
look
44%
masses
44%
nastiest
42%
soul
41%
turn
41%
(watch
40%
watch
40%
trapped
39%
they’ll
38%
soon,
37%
heart
36%
cut
33%
rip
31%
me
28%
control,
25%
lose
25%
whoah
25%
woah
24%
(la
20%
la
20%
la)
20%
haji
16%
(ooh)
15%
mu
11%
ape
5%
dagaseo
5%
dangdanghage
5%
jeongsineul
5%
nareul
5%
neol
5%
noko
5%
sogiryeo
5%
eodum
4%
eomneun
4%
jitbalgo
4%
kareul
4%
moksumeul
4%
neotteuryeo
4%
saegyeonwa
4%
yeonghon
4%
kkeuneureo
3%
No matching quizzes found
Score Distribution
Percent of People with Each Score
Percentile by Number Answered
Your Score History
You have not taken this quiz